Dictionnaire des Poincons (Record no. 7775)

MARC details
000 -CABECERA
campo de control de longitud fija 00858nam a2200265 a 4500
001 - NÚMERO DE CONTROL
campo de control BRCA_8107
005 - FECHA Y HORA DE LA ÚLTIMA TRANSACCIÓN
campo de control 20190320210132.0
008 - DATOS DE LONGITUD FIJA--INFORMACIÓN GENERAL
campo de control de longitud fija 080414s1929----fr-a###f##---#000-0#fre-#
041 ## - CÓDIGO DE LENGUA
Código de lengua del texto/banda sonora o título independiente fre
044 ## - CÓDIGO DEL PAÍS DE LA ENTIDAD EDITORA/PRODUCTORA
Código MARC del país fr
050 #4 - SIGNATURA TOPOGRÁFICA DE LA BIBLIOTECA DEL CONGRESO
Número de clasificación NK7210
Número de documento/Ítem .B567
-- 1929
100 1# - ENTRADA PRINCIPAL--NOMBRE DE PERSONA
Nombre de persona Beuque, E.
9 (RLIN) 20179
245 10 - MENCIÓN DE TÍTULO
Título Dictionnaire des Poincons
Resto del título de maitres-orfèvres francais du XIV siècle à 1838
Mención de responsabilidad, etc. E. Beuque et M. Frapsauce ; preface de M. La Clavière.
260 ## - PUBLICACIÓN, DISTRIBUCIÓN, ETC.
Lugar de publicación, distribución, etc. Paris
Nombre del editor, distribuidor, etc. B&F
Fecha de publicación, distribución, etc. 1929
300 ## - DESCRIPCIÓN FÍSICA
Extensión 343 p.
Otras características físicas il.
Dimensiones 28 cm.
500 ## - NOTA GENERAL
Nota general Y159
500 ## - NOTA GENERAL
Nota general Ver también Y184 (ed. 1964)
650 14 - PUNTO DE ACCESO ADICIONAL DE MATERIA--TÉRMINO DE MATERIA
Término de materia o nombre geográfico como elemento de entrada Orfebrería
Subdivisión de forma Diccionarios
Subdivisión geográfica Francia
9 (RLIN) 20180
650 14 - PUNTO DE ACCESO ADICIONAL DE MATERIA--TÉRMINO DE MATERIA
Término de materia o nombre geográfico como elemento de entrada Orfebrería
Subdivisión de forma Técnicas
Subdivisión geográfica Francia
9 (RLIN) 20181
650 14 - PUNTO DE ACCESO ADICIONAL DE MATERIA--TÉRMINO DE MATERIA
Término de materia o nombre geográfico como elemento de entrada Orfebrería
Subdivisión de forma Diseño y estilos
Subdivisión geográfica Francia
9 (RLIN) 20182
700 1# - PUNTO DE ACCESO ADICIONAL--NOMBRE DE PERSONA
Nombre de persona Frapsauce, M.
Término indicativo de función/relación coaut.
9 (RLIN) 20183
700 1# - PUNTO DE ACCESO ADICIONAL--NOMBRE DE PERSONA
Nombre de persona Clavière, M. La
9 (RLIN) 20184
902 ## - CATALOGADOR
Iniciales GFM
942 ## - ELEMENTOS DE PUNTO DE ACCESO ADICIONAL (KOHA)
Fuente del sistema de clasificación o colocación Library of Congress Classification
Tipo de ítem Koha Libros
Holdings
Estado de retiro Estado de pérdida Estado dañado No para préstamo Localización permanente Ubicación/localización actual Fecha de adquisición Número de inventario Total de préstamos Signatura topográfica completa Código de barras Fecha visto por última vez Precio válido a partir de Tipo de ítem Koha
El ejemplar forma parte de la colección y puede ser consultado según las políticas vigentes.       Biblioteca del Museo Franz Mayer (Rogerio Casas-Alatriste) Biblioteca del Museo Franz Mayer (Rogerio Casas-Alatriste) 08/04/2014 Y159   NK7210 .B567 1929 (Y159) 8731 22/03/2019 22/03/2019 Libros